00418nam a2200121Ia 4500020001800000082001700018245003000035260006000065300001600125650003200141650006900173710005400242 a92-5-102488-x a307.72 UNI-; 0aDynamics of rural poverty aUnited NationsbFood and Agriculture Organizationc1986 aviii, 232p. aRural community development aRural poor - Methodology - Rural conditions - Rural development  aUnited Nations. Food and Agriculture Organization